Estudios sobre Grecia

Kaydedildi:
Detaylı Bibliyografya
Materyal Türü: Kitap
Dil:İspanyolca
Baskı/Yayın Bilgisi: Madrid, España Aguilar 1968
Seri Bilgileri:Biblioteca de Iniciación al Humanismo
Konular:
Etiketler: Etiketle
Etiket eklenmemiş, İlk siz ekleyin!

MARC

LEADER 00000cam a2200000 a 4500
001 UCD7894
003 CL-VaPUC
005 20220825074443.0
008 170414e19680000sp |||||||||||||||||spa|d
999 |c 367749  |d 367747 
040 |c Pontificia Universidad Católica de Valparaíso 
082 0 4 |a 938 NIE 1968  |2 21 
245 1 0 |a Estudios sobre Grecia 
260 |a Madrid, España  |b Aguilar  |c 1968 
300 |a 201 páginas 
490 0 |a Biblioteca de Iniciación al Humanismo 
583 |a last modification  |c 20170414 22:34:00  |k Rodrigo Vera 
650 0 |a Historia de Grecia   |9 267917 
650 0 |a Civilización griega  |9 265578 
942 |c BK  |2 ddc 
945 |d 20170414 22:34:00  |a arojas 
952 |0 0  |1 0  |2 ddc  |3 erb  |4 0  |6 938_000000000000000_NIE_1968  |7 0  |8 A  |9 482823  |a BIBART  |b BIBART  |i 538656K  |o 938 NIE 1968  |p 538656K  |r 2025-03-13  |t 1  |w 2019-11-24  |y BK  |z Catalogado en:20170414  |k ART